| 000 -LEADER |
| fixed length control field |
00885nam a22001337a 4500 |
| 040 ## - CATALOGING SOURCE |
| Transcribing agency |
RUA |
| 082 ## - DEWEY DECIMAL CLASSIFICATION NUMBER |
| Classification number |
AVM KON 2010 B092 Or.1 |
| 100 ## - MAIN ENTRY--AUTHOR NAME |
| Personal name |
KONG SOTHUN |
| 245 ## - TITLE STATEMENT |
| Title |
Effect of leucaena leucocephala leaves and shrimp by-product supplementation on growth rate of avian broiler at royal university of agriculture, (ឥទ្ធិពលនៃការបន្ថែមស្លឹកកន្ធំថេតស្រស់ និង អនុផលបង្គាលើចំណីក្រុមហ៊ុន ស៊ី ភី លើការលូតលាស់របស់មាន់សាច់ AVIAN នៅសាកលវិទ្យាល័យភូមិន្ទកសិកម្ម) |
| 260 ## - PUBLICATION, DISTRIBUTION, ETC. (IMPRINT) |
| Place of publication |
phnom penh |
| Name of publisher |
rua |
| Year of publication |
2010 |
| 300 ## - PHYSICAL DESCRIPTION |
| Number of Pages |
xiii, 41p. |
| Other physical details |
ill. |
| Dimensions |
29cm. |
| 856 ## - ELECTRONIC LOCATION AND ACCESS |
| Uniform Resource Identifier |
https://drive.google.com/file/d/1wNI_jkmF3zOd_V4pAlg5P21SjnbzzY12/view?usp=sharing |
| 942 ## - ADDED ENTRY ELEMENTS (KOHA) |
| Koha item type |
AVM |
| 952 ## - LOCATION AND ITEM INFORMATION (KOHA) |
| Withdrawn status [LOCAL, KOHA] |
0 |
| 952 ## - LOCATION AND ITEM INFORMATION (KOHA) |
| Withdrawn status [LOCAL, KOHA] |
0 |
| 952 ## - LOCATION AND ITEM INFORMATION (KOHA) |
| Withdrawn status [LOCAL, KOHA] |
0 |
| 952 ## - LOCATION AND ITEM INFORMATION (KOHA) |
| Withdrawn status [LOCAL, KOHA] |
0 |
| 952 ## - LOCATION AND ITEM INFORMATION (KOHA) |
| Withdrawn status [LOCAL, KOHA] |
0 |